000 00921nas a2200277 4500
001 BR7800456
003 BR-BrBNA
005 20231205083306.0
007 ta
008 230509b bl.|||p| |||| 00| 00por d
040 _aBR-BrBNA
_bpor
_cBiblioteca Nacional de Agricultura
041 _a(Pt)
072 _aH20
100 1 _aCosta, C.L.
100 1 _aCosta, A.S.
100 1 _aNagai, H.
245 1 _aControle de vira-cabeca do tomateiro pela destruicao do vector, 3: Efeito de inseticida sistemico granulado combinado com pulverizacoes [Lycopersicum esculentum, Lethum australiense, trips, Frankliniella sp.]
650 _aTOMATE
650 _aVIRA-CABECA
650 _aVETOR
650 _aTRIPS
650 _aINSETICIDA SISTEMICO
773 0 _tFitopatologia Brasileira (Brazil)
_xISSN 0100-4158
_g(Feb 1977), v. 2(1) p. 23-34
_wBR7800456
909 _a202311
_bLúcia
_c55
_dLúcia Elande
942 _2AGRIS
_n0
_cANA
999 _c97768
_d97768